Educational choice and labor markets in Japan

Guardat en:
Dades bibliogràfiques
Autors principals: Bowman, Mary Jean (Autor), Hideo, Ikeda (Autor), Yasumasa, Tamoda (Autor)
Format: Llibre
Idioma:anglès
Publicat: Chicago University of Chicago Press 1981
Matèries:
Etiquetes: Afegir etiqueta
Sense etiquetes, Sigues el primer a etiquetar aquest registre!

MARC

LEADER 00000nam a2200000 a 4500
001 UCY5282
003 CL-VaPUC
008 950421e19810000US |||||||||||||||||eng|d
082 0 4 |a 373.246  |b BOW  |2 21 
100 0 |a Bowman, Mary Jean  |e author  |9 333973 
700 0 |a Hideo, Ikeda  |e author  |9 333974 
700 0 |a Yasumasa, Tamoda  |e author  |9 333975 
245 1 0 |a Educational choice and labor markets in Japan 
300 |a 367 p 
942 |c BK 
945 |d 19950421 00:00:00  |a rbrito 
260 |a Chicago  |b University of Chicago Press   |c 1981 
650 0 |a Educación  |9 258661 
650 0 |a Tecnología  |9 256742 
651 0 |a Japón   |9 260391 
583 |a last modification  |c 19950421 00:00:00  |k Rodrigo Vera 
999 |c 232976  |d 232974 
952 |0 0  |1 0  |4 0  |6 373_246000000000000_BOW_1981  |7 0  |8 P  |9 238003  |a BIBEDU  |b BIBEDU  |c BIBEDU_PB  |d 2019-11-18  |i 3079112  |o 373.246 BOW 1981  |p 3079112  |r 2024-01-25  |w 2019-11-18  |y BK  |k EDU